| 000 | 00805nam a2200217 i 4500 | ||
|---|---|---|---|
| 001 | 131665 | ||
| 003 | ES-MaACL | ||
| 005 | 20230906194025.0 | ||
| 007 | t| | ||
| 008 | 070214s1903 sp r ||||1| spa d | ||
| 100 | 1 |
_aRodríguez Carracido, José, _d1856-1928 _998407 |
|
| 245 | 1 | 3 |
_aLa complejidad farmacológica en la prescripción médica _b: conferencia pronunciada en el XIV Congreso Internacional de Medicina / _cJosé Rodríguez Carracido. |
| 260 |
_aMadrid : _bNicolás Moya, _c1903. |
||
| 300 |
_a29 p. ; _c25 cm. |
||
| 650 | 4 |
_aMedicamentos- _xPrescripción. _9150937 |
|
| 711 | 2 |
_aCongreso Internacional de Medicina ( _n14º. _d1903. _cMadrid) _9256 |
|
| 852 |
_aES-MaACL _jFol-Laf-158 |
||
| 852 |
_aES-MaACL _jT-1048-F-14 |
||
| 852 |
_aES-MaACL _jT-1054-F-2 |
||
| 999 |
_c131665 _d131665 |
||